00718 2200229 4500001002100000005001500021035002000036007000300056008004100059020001800100082001000118084001600128100002500144245004300169260004400212300002000256500015900276650002000435856001700455990000800472990000800480INLIS00000000000010620220128082324 a0010-0122000106ta220128 g 0 ind  a9789790502567 a006.6 a006.6 SUH b0 aSuharno Widi Nugroho1 aBelajar Desain Grafis :bGambar Desain aJakarta :bBina Sumber Daya Mipa,c2010 a101 hlm :bfoto aBuku ini disusun secara sederhana yang disesuaikan dengan kurikulum dan pelajaran di sekolah dengan tujuan agar siswa dapat mengenal dan memahami komputer 4aKomputer Grafis aKoleksi Umum a172 a173